Finance and Development, September 1990.

Providing economic opportunities for the poor and building up their capacity to take advantage of those opportunities can help reduce poverty and ensure sustainable growth.

Detaylı Bibliyografya
Müşterek Yazar: International Monetary Fund. External Relations Dept
Materyal Türü: Dergi
Dil:English
Baskı/Yayın Bilgisi: Washington, D.C. : International Monetary Fund, 1990.
Seri Bilgileri:Finance and Development; Finance and Development ; No. 0027/003
Online Erişim:Full text available on IMF
LEADER 01205cas a2200229 a 4500
001 AALejournalIMF010648
008 230101c9999 xx r poo 0 0eng d
020 |z 9781451952063 
022 |a 0145-1707 
040 |a BD-DhAAL  |c BD-DhAAL 
110 2 |a International Monetary Fund.  |b External Relations Dept. 
245 1 0 |a Finance and Development, September 1990. 
264 1 |a Washington, D.C. :  |b International Monetary Fund,  |c 1990. 
300 |a 1 online resource (56 pages) 
490 1 |a Finance and Development 
500 |a <strong>Off-Campus Access:</strong> No User ID or Password Required 
500 |a <strong>On-Campus Access:</strong> No User ID or Password Required 
506 |a Electronic access restricted to authorized BRAC University faculty, staff and students 
520 3 |a Providing economic opportunities for the poor and building up their capacity to take advantage of those opportunities can help reduce poverty and ensure sustainable growth. 
538 |a Mode of access: Internet 
830 0 |a Finance and Development; Finance and Development ;  |v No. 0027/003 
856 4 0 |z Full text available on IMF  |u http://elibrary.imf.org/view/journals/022/0027/003/022.0027.issue-003-en.xml  |z IMF e-Library